Felicitación a los nuevos cardenales
Publicado:
San Jorge, núm. 89 (1r trimestre 1973), pàg 57 :
MARC
| LEADER | 00000nam a2200000Ia 4500 | ||
|---|---|---|---|
| 001 | |||
| 008 | 160829s9999 xx 000 0 cat d | ||
| 245 | |a Felicitación a los nuevos cardenales | ||
| 260 | |a San Jorge, núm. 89 (1r trimestre 1973), pàg 57 | ||
| 600 | 1 | 0 | |a González Martín, Marcelo, |d 1918-2004 |9 56280 |
| 600 | 1 | 0 | |a Jubany, Narcís, |d 1913-1996 |9 56380 |
| 901 | |a Arxiu | ||
| 942 | |n 1 | ||
| 952 | |0 0 |1 0 |4 0 |7 1 |9 50523 |a Arxiu |b Arxiu |d 2016-12-01 |l 0 |r 2016-12-01 00:00:00 |w 2016-12-01 |y ARXIU | ||
| 999 | |c 54365 |d 54365 | ||